Historia de un canalla

Uloženo v:
Podrobná bibliografie
Hlavní autor: Navarro, Julia (autora)
Médium: Kniha
Jazyk:španělština
Vydáno: Santiago Penguin Ramdon House 2016
Vydání:1a. ed
Témata:
Tagy: Přidat tag
Žádné tagy, Buďte první, kdo vytvoří štítek k tomuto záznamu!

MARC

LEADER 00000cam a2200000 a 4500
001 UCC1624
003 CL-VaPUC
008 171117e20160000cl |||||||||||||||||spa|d
020 |a 9789569646126 
082 0 4 |a 863  |b NAV  |2 21 
100 |a Navarro, Julia  |e autora  |9 595664 
245 1 0 |a Historia de un canalla 
250 |a 1a. ed 
300 |a 862 p 
942 |c BK 
945 |d 20171117 16:06:00  |a dcastane 
260 |a Santiago  |b Penguin Ramdon House  |c 2016 
650 0 |a Novelas españolas  |9 265052 
650 0 |a Literatura española  |9 306261 
583 |a last modification  |c 20171117 16:06:00  |k Rodrigo Vera 
999 |c 370035  |d 370033 
952 |0 0  |1 0  |3 erb  |4 0  |6 863_000000000000000_NAV_2016  |7 0  |8 C  |9 486311  |a BIBCUR  |b BIBCUR  |i 5435706  |o 863 NAV 2016  |p 5435706  |r 2025-04-22  |w 2019-11-24  |y BK  |z Catalogado en:20171117  |k CAC